|
|
|
|
| LEADER |
00000nam0a2200000 4500 |
| 001 |
128943 |
| 005 |
20240814164400.0 |
| 010 |
|
|
|a 5211008855
|
| 035 |
|
|
|a (RuTPU)RU\TPU\book\139538
|
| 090 |
|
|
|a 128943
|
| 100 |
|
|
|a 20080117d1991 m y0rusy5003 ca
|
| 101 |
1 |
|
|a rus
|c eng
|
| 102 |
|
|
|a RU
|
| 105 |
|
|
|a y z 000ay
|
| 200 |
1 |
|
|a Предания и мифы средневековой Ирландии
|e сборник
|f пер. , сост. , вступ. ст. и коммент. С. В. Шкунаев ; под ред. Г. К. Косикова
|
| 210 |
|
|
|a Москва
|c Изд-во МГУ
|d 1991
|
| 215 |
|
|
|a 282,[2] с.
|c ил.
|d 21 см
|
| 225 |
1 |
|
|a Университетская библиотека
|
| 606 |
1 |
|
|a Кельтская литература
|9 40704
|
| 610 |
1 |
|
|a легенды
|
| 610 |
1 |
|
|a мифы
|
| 610 |
1 |
|
|a предания
|
| 610 |
1 |
|
|a художественная литература
|
| 610 |
1 |
|
|a Ирландия
|
| 675 |
|
|
|a 891.6
|v 3
|
| 702 |
|
1 |
|a Шкунаев
|b С. В.
|4 730
|
| 702 |
|
1 |
|a Косиков
|b Г. К.
|4 340
|
| 801 |
|
0 |
|a RU
|b RuMRKP
|c 19950417
|g psbo
|
| 801 |
|
1 |
|a RU
|b 63413507
|c 20080117
|g PSBO
|
| 801 |
|
2 |
|a RU
|b 63413507
|c 20200122
|g PSBO
|
| 942 |
|
|
|c BK
|